000 01819nam0a22003371 4500
001 rc\3689183
005 20130115151913.5
021 _aRU
_b[73-65893]
035 _a(NLR Aleph) 007849202
090 _a7776480
_c7776480
100 _a20130115d1973 |||y0rusy50 ca
101 0 _arus
102 _aRU
105 _aa z |||||
200 1 _aОпыт использования регрессионного анализа в исследовании трудоемкости работ на шахтах
_e(На примере шахт Подмосковного бассейна)
_eОбзор
_fМ-во угольной пром-сти СССР. Центр. науч.-исслед. ин-т экономики и науч.-техн. информации угольной пром-сти
210 _aМосква
_cЦНИЭИуголь
_d1973
215 _a52 с.
_cчерт.
_d21
225 1 _aСерия "Экономика, организация и управление угольной промышленности"
_e[Работникам экон. служб]
300 _aНа обл. авт. не указаны
300 _aПеред загл. авт.: П.Н. Карепов, А.С. Миневич, П.Е. Моисеев
320 _aСписок лит.: с. 52 (8 назв.)
606 _aУгледобыча
_xТрудоемкость
_xМатематические исследования
_2psbo
606 _aРегрессионный анализ
_2psbo
700 1 _aКарепов
_bП. Н.
_gПавел Николаевич
701 1 _aМиневич
_bА. С.
_gАбрам Соломонович
701 1 _aМоисеев
_bП. Е.
_gПрокопий Егорович
801 0 _aRU
_bNLR
_gpsbo
801 1 _aRU
_bELAR
_2rusmarc
852 _aNLR
_j73-6/7269
942 _cBOOK
980 _aNB